Indo-European Languages Multiple Choice - Statistics

General Stats
  • This quiz has been taken 427 times
  • The average score is 9 of 12
Answer Stats
Question Answer % Correct
Which of these are Indo-European? Persian
92%
Which of these are Indo-European? English
90%
Which of these are Indo-European? Latin
86%
Which of these are Indo-European? Italian
84%
Which of these are Indo-European? Sanskrit
80%
Which of these are Indo-European? Armenian
78%
Which of these are Indo-European? Icelandic
69%
Which of these are Indo-European? Hindi
67%
Which of these are Indo-European? Kurdish
63%
Which of these are Indo-European? Venetian
55%
Which of these are Indo-European? Afrikaans
43%
Which of these are Indo-European? Nepali
43%
No matching quizzes found
Score Distribution
Percent of People with Each Score
Percentile by Number Answered
Your Score History
You have not taken this quiz